Foundations of boundary layer theory for momentum, heat, and mass transfer /

Bibliographic Details
Main Author: Schetz, Joseph A.
Format: Book
Language:English
Published: Englewood Cliffs, N.J. : Prentice-Hall, [1984]
Subjects:

MARC

Tag First Indicator Second Indicator Subfields
LEADER 00000pam a2200000 a 4500
001 in00000495921
005 20151013072511.0
008 830408s1984 njua b 00110 eng
010 |a  83007318  
020 |a 0133293343 :  |c $35.94 
035 |a (OCoLC)09440878 
035 |9 ACE3935AM 
039 0 |a 2  |b 3  |c 3  |d 3  |e 3 
040 |a DLC  |c DLC  |d TXA  |d UtOrBLW 
049 |a TXAM 
050 0 0 |a QA913  |b .S35 1984 
082 0 |a 532/.05  |2 19 
100 1 |a Schetz, Joseph A. 
245 1 0 |a Foundations of boundary layer theory for momentum, heat, and mass transfer /  |c Joseph A. Schetz. 
264 1 |a Englewood Cliffs, N.J. :  |b Prentice-Hall,  |c [1984] 
264 4 |c ©1984 
300 |a xxi, 309 pages :  |b illustrations ;  |c 24 cm. 
336 |a text  |b txt  |2 rdacontent 
337 |a unmediated  |b n  |2 rdamedia 
338 |a volume  |b nc  |2 rdacarrier 
500 |a Includes index. 
504 |a Bibliography: pages 292-302. 
650 0 |a Boundary layer. 
650 0 |a Momentum transfer. 
650 0 |a Heat  |x Transmission. 
650 0 |a Mass transfer. 
999 |a MARS 
999 f f |s ad3b272b-a970-3408-bfe7-73a4e9f6e4d0  |i 801d71ff-4a5b-3681-889f-346ff3f7e2ae  |t 0 
952 f f |p ric  |a Texas A&M University  |b Rellis Campus  |c Joint Library Facility  |d Remote Storage  |t 0  |e QA913 .S35 1984  |h Library of Congress classification  |i unmediated -- volume  |m A14807875217 
998 f f |a QA913 .S35 1984  |t 0  |l Remote Storage